00654nam a2200193Ia 4500003000900000008004100009020001800050040001600068080001600084100002700100245009500127260004200222300001700264650004100281650001200322942000700334999001500341952010400356IN-BaIIA211028s9999 xx 000 0 eng d a90-277-1654-4 cIIA Library a523.68bBRO aBronshten, V. A910451 0aPhysics of meteoric phenomenacV. A. Bronshten  aDordrechtbD. Reidel Publishingc1983 axviii, 356p. aAstronomy and astrophysics thesaurus aMeteors cBK c8341d8341 00104070aBANbBANcGENd1985-07-10l0o523.68/ BROp9188r2021-11-05w1985-07-10yBKGDFL 185.00